Horse Sense : An Inside Look at the Sport of Kings
Bert Sugar wears his hat and waves his cigar and looks like some old-time fight manager. But this is far from being true. Bert Sugar is a brilliant man. And pride would not allow him to do a book that doesn’t reflect this much work and care for English: ‘Robinson Crusoe without a boat.’ The reader g...
Đã lưu trong:
| Tác giả chính: | |
|---|---|
| Định dạng: | Sách |
| Ngôn ngữ: | Undetermined |
| Được phát hành: |
Hoboken, N.J.
Wiley
2003
|
| Những chủ đề: | |
| Các nhãn: |
Thêm thẻ
Không có thẻ, Là người đầu tiên thẻ bản ghi này!
|
| Thư viện lưu trữ: | Trung tâm Học liệu Trường Đại học Cần Thơ |
|---|
| LEADER | 00954nam a2200229Ia 4500 | ||
|---|---|---|---|
| 001 | CTU_163177 | ||
| 008 | 210402s9999 xx 000 0 und d | ||
| 020 | |c 29.95 | ||
| 082 | |a 798.400973 | ||
| 082 | |b S947 | ||
| 100 | |a Sugar, Bert | ||
| 245 | 0 | |a Horse Sense : | |
| 245 | 3 | |b An Inside Look at the Sport of Kings | |
| 245 | 0 | |c Bert Sugar with Cornell Richardson | |
| 260 | |a Hoboken, N.J. | ||
| 260 | |b Wiley | ||
| 260 | |c 2003 | ||
| 520 | |a Bert Sugar wears his hat and waves his cigar and looks like some old-time fight manager. But this is far from being true. Bert Sugar is a brilliant man. And pride would not allow him to do a book that doesn’t reflect this much work and care for English: ‘Robinson Crusoe without a boat.’ The reader gets a big break with this one | ||
| 650 | |a Horse racing,Đua ngựa | ||
| 650 | |z United States,Hoa Kỳ | ||
| 904 | |i Bạch Trúc | ||
| 980 | |a Trung tâm Học liệu Trường Đại học Cần Thơ | ||